Normal view
MARC view
Entry Topical Term
001 - CONTROL NUMBER
- control field: 19425
003 - CONTROL NUMBER IDENTIFIER
- control field: OSt
005 - DATE AND TIME OF LATEST TRANSACTION
- control field: 20201124124745.0
008 - FIXED-LENGTH DATA ELEMENTS
- fixed length control field: 201124|| aca||aabn | a|a d
040 ## - CATALOGING SOURCE
- Original cataloging agency: OSt
- Transcribing agency: OSt
150 ## - HEADING--TOPICAL TERM
- Topical term or geographic name entry element: Administrative capacity, Information-based regulation, state smart disclosure, Systematic review
670 ## - SOURCE DATA FOUND
- Source citation: Work cat.: (OSt)514622: Bowen, Frances and Panagiotopoulos, Panos. 19424, Regulatory roles and functions in Information-based regulation: A systematic review
